Logo BPK

Biblioteka

Politechniki Koszalińskiej

Słownik naukowo-techniczny polsko-francuski / (Rekord nr 36187)

Szczegóły MARC
000 -ETYKIETA REKORDU
podpole kontrolne o stałej długości 00899nam a2200265 i 4500
001 - NUMER KONTROLNY REKORDU
pole kontrolne bg
020 ## - MIĘDZYNARODOWY ZNORMALIZOWANY NUMER KSIĄŻKI - ISBN
ISBN 8320421357
040 ## - ŹRÓDŁO KATALOGOWANIA
Instytucja, która utworzyła rekord BPK
041 0# - KOD JĘZYKA
Kod języka tekstu plfr
080 ## - UNIWERSALNA KLASYFIKACJA DZIESIĘTNA - UKD
UKD 62(038)=162.1=133.1
920 ## - Międzynarodowy znormalizowany numer książki – ISBN
ISBN 83-204-2135-7
008 - POLE O STAŁEJ DŁUGOŚCI - DANE KONTROLNE
podpole kontrolne o stałej długości s pl f |000 0 pol
245 00 - TYTUŁ/ODPOWIEDZIALNOŚĆ
Tytuł Słownik naukowo-techniczny polsko-francuski /
Pozostałe elementy strefy tytułu i oznaczenia odpowiedzialności red. Jan Szarski, Sabina Janicka, Anna Komorek.
246 11 - WARIANT TYTUŁU
Tytuł Dictionnaire scientifique et technigue polonais-français
250 ## - STREFA WYDANIA
Oznaczenie wydania Wyd. 4 całkowicie zm.
260 ## - STREFA ADRESU WYDAWNICZEGO
Miejsce wydania Warszawa :
Nazwa wydawcy/dystrybutora Wydawnictwa Naukowo-Techniczne,
Data publikacji, dystrybucji/powstania dokumentu 1998.
300 ## - STREFA OPISU FIZYCZNEGO
Objętość [10], 964 s. ;
Rozmiary 24 cm +
Dokument towarzyszący CD.
500 ## - UWAGI OGÓLNE
Tekst uwagi Tyt. równol. : Dictionnaire scientifique et technique polonais-français.
650 #4 - HASŁO PRZEDMIOTOWE W FORMIE NAZWY OGÓLNEJ LUB JEDNOSTKOWEJ
Nazwa ogólna lub geograficzna Słowniki polsko-francuskie
650 #4 - HASŁO PRZEDMIOTOWE W FORMIE NAZWY OGÓLNEJ LUB JEDNOSTKOWEJ
Nazwa ogólna lub geograficzna Technika
Określnik ogólny terminologia
700 1# - HASŁO DODATKOWE - NAZWA OSOBOWA
Nazwa osobowa SZARSKI, Jan.
Określenie związku między hasłem a opisywanym materiałem Red.
700 1# - HASŁO DODATKOWE - NAZWA OSOBOWA
Nazwa osobowa JANICKA, Sabina.
Określenie związku między hasłem a opisywanym materiałem Red.
700 1# - HASŁO DODATKOWE - NAZWA OSOBOWA
Nazwa osobowa KOMOREK, Anna.
Określenie związku między hasłem a opisywanym materiałem Red.
856 ## - LOKALIZACJA I DOSTĘP DO ELEKTRONICZNYCH DOKUMENTÓW ZDALNYCH
Link (URL) http://koha.tu.koszalin.pl/cgi-bin/koha/opac-detail.pl?biblionumber=36187
Tekst linku Katalog online BPK
942 ## - DODATKOWE ELEMENTY (KOHA)
Typ dokumentu Książka
Egzemplarze
Wycofany Status egzemplarza Uszkodzony Dostępność Lokalizacja stała Lokalizacja bieżąca Miejsce przechowywania Sygnatura Kod kreskowy Dział Typ dokumentu
      Tylko na miejscu Biblioteka Politechniki Koszalińskiej Biblioteka Politechniki Koszalińskiej Czytelnia BG 49923 01433593 62 Inżynieria. Technika w ogólności Książka
      Dostępny Biblioteka Politechniki Koszalińskiej Biblioteka Politechniki Koszalińskiej Wypożyczalnia BG 49924 01433586   Książka
© 2023 Biblioteka Politechniki Koszalińskiej :: KOHA